Every Geometry Dash Creator - Statistics

General Stats
  • This quiz has been taken 56 times
  • The average score is 62 of 382
Answer Stats
Nation Creator % Correct
NDL Bli
75%
USA Vortrox
67%
DEU Voxicat
67%
KOR FunnyGame
58%
EGY MindCap
58%
FRA Serponge
58%
USA Split72
58%
NOR Viprin
58%
FIN Zobros
58%
ECU Danolex
50%
USA Darnoc
50%
NDL Knobbelboy
50%
USA KrmaL
50%
AUT Michigun
50%
USA Riot
50%
KOR Cyclic
42%
AUS Danzmen
42%
USA Doggie
42%
CAN IcEDCave
42%
ARG izhar
42%
KOR Jax
42%
FRA OniLink
42%
USA SirHadoken
42%
USA Subwoofer
42%
AUS TriAxis
42%
SWE TrusTa
42%
KOR ZenthicAlpha
42%
NOR AeonAir
33%
GBR Andromeda
33%
DEU Berkoo
33%
ESP BIANOX
33%
DEU BoBoBoBoBoBoBo
33%
USA CairoX
33%
TWN Cody
33%
CAN Colon
33%
ESP DavJT
33%
DEU Devilmine
33%
KOR DORABAE
33%
KOR Dorami
33%
USA Etzer
33%
NZE G4lvatron
33%
USA haoN
33%
GBR Hinds
33%
FIN Jeyzor
33%
IDN JonathanGD
33%
CAN LazerBlitz
33%
CAN Manix648
33%
FRA MrSpaghetti
33%
RUS noobas
33%
CHL rafer
33%
NOR Spu7Nix
33%
ESP SrGuillester
33%
AUS Tride
33%
GBR Wulzy
33%
AUS Xender Game
33%
USA YoReid
33%
CAN Zeronium
33%
USA Zoroa
33%
ESP 16lord
25%
FRA Adiale
25%
GBR alkali
25%
CAN Anubis
25%
CAN Arclia
25%
USA AudieoVisual
25%
DEU AutoNick
25%
KOR BlackP2sFull
25%
? Bpi
25%
USA BridgetTheCroco
25%
RUS cherryteam
25%
USA CuluC
25%
CAN Danke
25%
FRA Darwin
25%
USA Dasher3000
25%
USA Fault
25%
FIN Findexi
25%
FIN Ggb0y
25%
USA GiggsRH
25%
COL Giron
25%
USA Grax
25%
KOR IIINePtunEIII
25%
USA JamAttack
25%
USA Jayuff
25%
FIN JerkRat
25%
VNM Jerry4
25%
USA Knots
25%
AUS Lemons
25%
UKR Lyod
25%
HGY mag
25%
KOR MaJackO
25%
ESP Mineber
25%
USA Moosh
25%
ARG Nikce
25%
DNK Optical
25%
USA Pauze
25%
ITY Pennutoh
25%
KOR pg1004
25%
USA pocke
25%
SWE Rek3dge
25%
USA robotchief
25%
AUT Rustam
25%
FIN Sailent
25%
EST spark
25%
PRI Stamina
25%
SWE Stormfly
25%
KOR SyQual
25%
? timeless real
25%
CAN Whirl
25%
DEU Woom
25%
AUT Xaro
25%
USA YraX
25%
KOR YunHaSeu14
25%
USA Zylenox
25%
PER AleXins
17%
IDN Alpheia
17%
POL APTeam
17%
IDN aPunch
17%
USA Arb
17%
ESP AZuLer4
17%
USA bunch
17%
CAN Chaos
17%
RUS ChaSe
17%
USA Cirtrax
17%
USA connot
17%
KOR Creator Cloud
17%
MEX DangerKat
17%
USA Destriv
17%
IDN Dhafin
17%
MEX DHaner
17%
? distortt
17%
GBR DorSha
17%
CAN DubstepFanatic
17%
HRV Dudex
17%
USA EndLevel
17%
UKR Exen
17%
KOR Experience D
17%
MEX Ferdefunky
17%
SIN galofuf
17%
SLV GD Jose
17%
FIN GDTheTactiq
17%
PER GDTicLos
17%
? Glubfuberz
17%
UKR God Of Music
17%
USA GrenadeofTacos
17%
BRZ HelpegasuS
17%
DEU iIiViRuZiIi
17%
IDN ILRELL
17%
LVA ImMaxX1
17%
GBR Incidius
17%
CAN Infra
17%
UKR Ivashka
17%
? JustPotatoNow
17%
DEU Kyhros
17%
COL LeocreatorX
17%
USA Loltad
17%
KOR LunarSimg
17%
KOR M2coL
17%
VNM Magpipe
17%
RUS MaxxoRMeN
17%
USA mbed
17%
CAN Minesap
17%
RUS Moffe
17%
USA motleyorc
17%
KOR Mulpan
17%
SWE nasgubb
17%
DEU Nicki1202
17%
USA nikrodox
17%
USA OddMod
17%
ISR PAHC
17%
USA Renn241
17%
KOR Roadbose
17%
KOR saRy
17%
SIN Skitten
17%
GBR SleyGD
17%
USA SpKale
17%
GBR TamaN
17%
KOR TeamN2
17%
BRZ Terron
17%
USA TheDevon
17%
AUS thejshadow
17%
USA tricipital
17%
USA TrueChaos
17%
KOR TrueNature
17%
USA TrueOmega
17%
CAN twigxcabaret
17%
ITY uan
17%
SWE Unzor
17%
NIC UsernameDefault
17%
BRZ Vit12
17%
USA Weoweoteo
17%
SWE zejoant
17%
USA Zeniux
17%
UKR 100foxes
8%
MEX 1XxDrawinGxX1
8%
DEU 2003devin
8%
CHL AbstractDark
8%
USA Adrift
8%
IDN AkunAkunn
8%
NZE AMightyDuck
8%
COL Apstrom
8%
USA ASonicMen
8%
RUS AwiXan
8%
ESP BadKlatt
8%
USA BoyOfTheCones
8%
USA BrainETR
8%
USA BranSilver
8%
ROM CastriX
8%
GBR CDMusic
8%
USA Cersia
8%
USA CreatorCreepy
8%
MEX Debihan
8%
ITY Defectum
8%
RUS DeniPol
8%
UKR DepisH16
8%
MEX Dienid
8%
BLR DiMaViKuLov26
8%
EST disp
8%
USA dolphe
8%
USA drane
8%
CAN DrCuber
8%
ITY DreamEater
8%
USA DuckNgl
8%
ITY DzRAS
8%
USA Echonox
8%
USA Eightos
8%
ARG ElMatoSWAG
8%
? empsea
8%
ITY enlex
8%
USA epiphani
8%
NDL Eternaswip
8%
USA Extrox
8%
FRA f3lixsram
8%
USA Gablor
8%
? GD Iris
8%
CAN GDSkele
8%
KOR Gelt
8%
FRA Gepsoni4
8%
ITY GirlyAle02
8%
FIN Glittershroom
8%
? GloryEX
8%
USA Halapeenyo
8%
CAN Havok
8%
CAN Hychie
8%
FRA iIBONIi
8%
MEX im fernando
8%
GBR iMist
8%
UKR IMOXI
8%
USA Insendium
8%
USA Insxne97
8%
USA ItsHybrid
8%
TUR ItzKiba
8%
USA Jghost
8%
GBR KFAOpitar
8%
? kira9999
8%
? komp
8%
HGY kreno
8%
USA LIEB
8%
? LightPotatoDev
8%
? lilbin
8%
USA Lisp
8%
? MannyHeffley
8%
USA MasK463
8%
ITY MattewGame
8%
? maxfs
8%
FRA MikeWheelerFan
8%
USA MinAY
8%
? MoistenedEgg
8%
CAN Moldy
8%
SWE MrCheeseTigrr
8%
ITY MrLorenzo
8%
? MyNameIsGreen
8%
CHL Nacho21
8%
USA neigefeu
8%
ITY Nico99
8%
? NineDice
8%
ESP Noriega
8%
COL OSIRIS GD
8%
USA Pan
8%
KOR Partition
8%
CHL Pipenachho
8%
BGR Platnuu
8%
CAN PlebKIngdom
8%
NDL Polarbeahr
8%
USA Presta
8%
RUS qMystic
8%
KOR Rabbitical
8%
CAN RadiationV2
8%
USA Raivolt
8%
USA Rob Buck
8%
USA Sakura
8%
AUT Samifying
8%
USA schady
8%
? seannnn
8%
GBR Sharkarie
8%
USA sink
8%
KOR SMBlacktime
8%
KOR sohn0924
8%
FIN Sumsar
8%
FIN SUOMI
8%
FIN Superopi
8%
GBR TCTeam
8%
USA Team Proxima
8%
KOR Temp
8%
USA thearmyants
8%
ARG The Purgatory
8%
SWE TheShadowRealm
8%
? TheTechniTeam
8%
USA TMco
8%
TUN Torch121
8%
PER TroxxP1
8%
FRA Tygore
8%
ITY Usermatt18
8%
ESP vegtam
8%
USA Vermillion
8%
FRA vrymer
8%
POL Wav
8%
KOR WOOGI1411
8%
POL x8Px
8%
USA Xoroz
8%
? xXLOCOXx
8%
KOR ZelLink
8%
? ZipixBox
8%
COL ZubwaR
8%
USA zYuko
8%
USA Zyzyx
8%
ARG aArbolito
0%
NIC abdula
0%
KOR BEkID1442
0%
CAN Blueskii
0%
MEX ChuchitoDomin
0%
USA crohn44
0%
FIN croshz
0%
JPN Demishio
0%
DEU DesTicY
0%
SRB djoxy
0%
FIN Evasium622
0%
NDL Exenity
0%
VEN FillipsMen
0%
CAN GamerKnight750
0%
CAN goose
0%
USA Gusearth
0%
ESP hawkyre
0%
USA HHyper
0%
KOR Hyenada
0%
CAN Hyenaedon
0%
USA Hypno
0%
USA iIFrostIi
0%
COL iriswolfx
0%
KOR JacobROso
0%
KOR KeiAs
0%
ITY LaZye
0%
MEX Lyal
0%
RUS MaFFaKa
0%
DEU Mazl
0%
KOR Megadere
0%
? Mitchell
0%
FRA MorpheiX
0%
RUS Namtar
0%
POL NekonGames
0%
RUS Nickname09
0%
USA Nox
0%
USA para
0%
FRA pineapple
0%
RUS PixelLolka
0%
DEU R3XX3R
0%
SWE RedUniverse
0%
TUN ReLunaire
0%
IDN Reunomi
0%
ARG Scanbrux
0%
AUS Sillow
0%
CAN Spectex
0%
FRA Spectruh
0%
TWN sweetdude
0%
FRA Thomartin
0%
SWE Tongii
0%
POL Tygrysek
0%
USA ValkyrieMaster
0%
DEU vulcanium4
0%
USA Waffl3X
0%
? Wilz
0%
FIN xcy7
0%
PER Zafkiel7
0%
CHE ZephiroX
0%
No matching quizzes found
Score Distribution
Percent of People with Each Score
Percentile by Number Answered
Your Score History
You have not taken this quiz